00301nam a2200121Ia 4500008004100000082002000041100002000061245001700081250000800098260004600106300001000152650001700162150201s2006 xx 000 0 und d a612.015bB2006U aSATYANARYANA,U. aBIOCHEMISTRY a3RD bBOOKS & ALLIED PUBLICATIONaKOLKATAc2006 a1-792 aBIOCHEMISTRY